000 00175nam a22000857a 4500
082 _a823
100 _aROWLING, J K
245 _aHARRY POTTER AND THE ORDER OF PHOENIX
942 _cBK
999 _c8104
_d8104